[Event "IECC CL2-2010.03 email"]
[Site "IECC email"]
[Date "2010.07.04"]
[Round "?"]
[White "Agulnick, Michael"]
[Black "Futida, Souitiro"]
[Result "0-1"]
[WhiteElo "2083"]
[BlackElo "2148"]
[PlyCount "96"]
[EventDate "2010.??.??"]
[EventType "tourn (corr)"]
[EventRounds "4"]
[SourceTitle "Telechess CBM 149"]
[Source "ChessBase"]
[SourceDate "2012.07.17"]
[SourceVersion "1"]
[SourceVersionDate "2012.07.17"]
[SourceQuality "1"]
[WhiteTeam "US of America"]
[BlackTeam "Brazil"]
[WhiteTeamCountry "USA"]
[BlackTeamCountry "BRA"]

1. d4 Nf6 2. Nf3 e6 3. c4 b6 4. Nc3 Bb7 5. e3 d5 6. cxd5 exd5 7. Ne5 a6 8. Be2 Bd6 9. f4 0-0 10. Bf3 Nc6 11. 0-0 Ne7 12. Qc2 Rc8 13. Bd2 c5 14. Qd3 c4 15. Qe2 b5 16. a3 Qc7 17. Be1 Ne4 18. Bg4 Rcd8 19. Nxe4 dxe4 20. Bd2 Bc8 21. a4 Qb7 22. Bxc8 Rxc8 23. axb5 axb5 24. Qg4 Ra8 25. Rfc1 Rfc8 26. Qd1 h6 27. Rxa8 Qxa8 28. Ra1 Qd5 29. Be1 Ra8 30. Ng4 Rxa1 31. Qxa1 Nf5 32. Qc1 Qa8 33. Nf2 Ne7 34. Qd2 f5 35. g4 g6 36. gxf5 gxf5 37. Qe2 Qa1 38. Nd1 Kg7 39. Kf1 b4 40. Qc2 Kf8 41. Qe2 Qb1 42. h3 Qd3 43. Qxd3 cxd3 44. Bf2 Nc6 45. Bh4 Kf7 46. Bf2 Na5 47. Bh4 Nc4 48. Be1 Be7 0-1

[Event "IECC CL2-2010.03 email"]
[Site "IECC email"]
[Date "2010.07.04"]
[Round "?"]
[White "Futida, Souitiro"]
[Black "Holanda, Dogeval Ferreira"]
[Result "0-1"]
[WhiteElo "2169"]
[BlackElo "2023"]
[PlyCount "58"]
[EventDate "2010.??.??"]
[EventType "tourn (corr)"]
[EventRounds "4"]
[SourceTitle "Telechess CBM 149"]
[Source "ChessBase"]
[SourceDate "2012.07.17"]
[SourceVersion "1"]
[SourceVersionDate "2012.07.17"]
[SourceQuality "1"]
[WhiteTeam "Brazil"]
[BlackTeam "Brazil"]
[WhiteTeamCountry "BRA"]
[BlackTeamCountry "BRA"]

1. d4 d5 2. c4 c6 3. Nf3 Nf6 4. Nc3 dxc4 5. a4 Bf5 6. e3 e6 7. Bxc4 Bb4 8. 0-0 Nbd7 9. Qe2 0-0 10. e4 Bg6 11. Bd3 c5 12. e5 cxd4 13. Na2 Nd5 14. Bxg6 hxg6 15. Nxb4 Nxb4 16. Rd1 d3 17. Qe4 Nc2 18. Ng5 Nxe5 19. Qh4 Re8 20. Qh7+ Kf8 21. Bd2 Rc8 22. Rac1 Qd4 23. Bc3 Rxc3 24. bxc3 Qf4 25. Rb1 Qxg5 26. Qh8+ Ke7 27. Rxb7+ Nd7 28. Qxg7 Qf4 29. Rxa7 Rb8 0-1

[Event "IECC CL1-2010.01 email"]
[Site "IECC email"]
[Date "2010.03.22"]
[Round "?"]
[White "Futida, Souitiro"]
[Black "Djuric, Mirko"]
[Result "0-1"]
[WhiteElo "2204"]
[BlackElo "2363"]
[PlyCount "102"]
[EventDate "2010.??.??"]
[EventType "tourn (corr)"]
[EventRounds "4"]
[SourceTitle "Telechess CBM 149"]
[Source "ChessBase"]
[SourceDate "2012.07.17"]
[SourceVersion "1"]
[SourceVersionDate "2012.07.17"]
[SourceQuality "1"]
[WhiteTeam "Brazil"]
[BlackTeam "SCG"]
[WhiteTeamCountry "BRA"]

1. d4 Nf6 2. c4 g6 3. Nc3 Bg7 4. e4 d6 5. f3 0-0 6. Be3 Nfd7 7. Qd2 c5 8. d5 Qa5 9. h4 Ne5 10. h5 Nbd7 11. Bh6 Bxh6 12. Qxh6 Nf6 13. Be2 b5 14. cxb5 a6 15. Nh3 Bxh3 16. Rxh3 axb5 17. f4 Neg4 18. Bxg4 Nxg4 19. Qg5 b4 20. hxg6 bxc3 21. bxc3 fxg6 22. Qxg4 Qa3 23. Rd1 Rf7 24. Kf1 Rxf4+ 25. Qxf4 Rf8 26. Qxf8+ Kxf8 27. Rd2 Qc1+ 28. Ke2 h5 29. Re3 g5 30. Rd1 Qa3 31. Rd2 g4 32. Rc2 Qa4 33. Kd2 h4 34. Re2 Kg7 35. Ke3 g3 36. Kf4 Qe8 37. Ke3 Kh6 38. Rc1 Qf8 39. Rh1 Kh5 40. Kd3 Kg5 41. Rhe1 Kg4 42. Kc2 Qa8 43. Kb2 Qb7+ 44. Kc1 Qa6 45. Kb2 Qb5+ 46. Kc1 Qd3 47. Re3 Qa6 48. Kb2 Qb5+ 49. Ka3 c4 50. Rf3 Qc5+ 51. Kb2 h3 0-1

[Event "IECC CL1-2009.08 email"]
[Site "IECC email"]
[Date "2010.01.12"]
[Round "?"]
[White "Djuric, Mirko"]
[Black "Futida, Souitiro"]
[Result "1/2-1/2"]
[WhiteElo "2344"]
[BlackElo "2198"]
[PlyCount "65"]
[EventDate "2009.??.??"]
[EventType "tourn (corr)"]
[EventRounds "4"]
[SourceTitle "Telechess CBM 149"]
[Source "ChessBase"]
[SourceDate "2012.07.17"]
[SourceVersion "1"]
[SourceVersionDate "2012.07.17"]
[SourceQuality "1"]
[WhiteTeam "SCG"]
[BlackTeam "Brazil"]
[BlackTeamCountry "BRA"]

1. e4 c5 2. Nf3 d6 3. d4 cxd4 4. Nxd4 Nf6 5. Nc3 Nc6 6. Bg5 e6 7. Qd2 Be7 8. 0-0-0 0-0 9. Ndb5 Qa5 10. Bxf6 Bxf6 11. Nxd6 Rd8 12. f4 e5 13. Bc4 Be6 14. Bxe6 fxe6 15. Qe3 Nd4 16. fxe5 Qxe5 17. Nc4 Qc5 18. e5 Bh4 19. b3 Bf2 20. Qh3 b5 21. Ne4 Qc6 22. Ned6 Qd5 23. Rhf1 Ne2+ 24. Kb2 Bd4+ 25. c3 bxc4 26. cxd4 c3+ 27. Kc2 a5 28. Qg4 a4 29. Rf7 axb3+ 30. axb3 g6 31. Qh4 h5 32. Rg7+ Kxg7 33. Qf6+ 1/2-1/2

[Event "IECC CL2-2009.10 email"]
[Site "IECC email"]
[Date "2009.09.09"]
[Round "?"]
[White "Futida, Souitiro"]
[Black "Bascetta, Biagio J"]
[Result "1-0"]
[WhiteElo "2189"]
[BlackElo "2027"]
[PlyCount "85"]
[EventDate "2009.??.??"]
[EventType "tourn (corr)"]
[EventRounds "4"]
[SourceTitle "Telechess CBM 137"]
[Source "ChessBase"]
[SourceDate "2010.07.15"]
[SourceVersion "1"]
[SourceVersionDate "2010.07.15"]
[SourceQuality "1"]
[WhiteTeam "Brazil"]
[BlackTeam "Italy"]
[WhiteTeamCountry "BRA"]
[BlackTeamCountry "ITA"]

1. Nf3 d5 2. d4 Nf6 3. c4 e6 4. Nc3 c6 5. e3 Nbd7 6. Bd3 dxc4 7. Bxc4 b5 8. Be2 Bb7 9. 0-0 a6 10. e4 c5 11. e5 Nd5 12. a4 b4 13. Ne4 Qc7 14. a5 h6 15. Qd3 Be7 16. Bd2 0-0 17. Rfc1 Rfc8 18. Ne1 Qd8 19. Qg3 Kh8 20. dxc5 Nxc5 21. Nxc5 Rxc5 22. Rxc5 Bxc5 23. Qh3 Qc7 24. Nd3 Be7 25. Bxh6 gxh6 26. Qxh6+ Kg8 27. Rc1 Nc3 28. bxc3 bxc3 29. Qf4 Qxa5 30. Bh5 Rf8 31. Ne1 Kg7 32. Kf1 Ba8 33. Qg3+ Kh6 34. Rxc3 Kxh5 35. Qh3+ Kg6 36. Rg3+ Bg5 37. f4 Qb5+ 38. Nd3 f5 39. fxg5 Bd5 40. Qh6+ Kf7 41. g6+ Ke8 42. Qh5 Kd7 43. g7 1-0